All Bad Bunny Songs (Albums) - Statistics

General Stats
  • This quiz has been taken 353 times
  • The average score is 52 of 92
Answer Stats
Answer % Correct
Moscow Mule
82%
LA CANCIÓN ft. J Balvin
80%
MIA ft. Drake
79%
Tití Me Preguntó
77%
Callaita
76%
Un Verano sin Ti
74%
DÁKITI ft. Jhayco
73%
Me Porto Bonito ft. Chencho Corleone
72%
La Santa ft. Daddy Yankee
70%
Party ft. Rauw Alejandro
70%
Safaera ft. Jowell & Randy, Ñengo Flow
70%
Si Veo a Tu Mamá
70%
Tarot ft. Jhayco
70%
LA NOCHE DE ANOCHE ft. ROSALÍA
68%
Andrea
67%
Después de la Playa
67%
Efecto
66%
Neverita
66%
Ojitos Lindos ft. Bomba Estéreo
66%
La Corriente ft. Tony Dize
65%
Otra Noche en Miami
64%
120
63%
<3
63%
Un Coco
63%
UN PESO ft. J Balvin, Marciano Cantero
63%
BOOKER T
62%
CANCIÓN CON YANDEL ft. Yandel
62%
QUE PRETENDES ft. J Balvin
62%
Yo Perreo Sola
62%
Bichiyal ft. Yaviah
61%
La Romana ft. El Alfa
61%
Otro Atardecer ft. The Marías
60%
Si Estuviésemos Juntos
60%
Agosto
59%
NI BIEN NI MAL
59%
200 Mph ft. Diplo
58%
Vete
58%
El Apagón
57%
Hablamos Mañana ft. Duki, Pablo Chill-E
57%
La Difícil
57%
Una Vez ft. Mora
57%
Aguacero
56%
Dos Mil 16
56%
RLNDT
56%
Soliá
56%
TE MUDASTE
56%
YO VISTO ASÍ
56%
25/8
55%
Está Cabrón Ser Yo ft. Anuel AA
55%
CANTARES DE NAVIDAD
54%
Enséñame a Bailar
54%
Me Fui de Vacaciones
54%
P FKN R ft. Kendo Kaponi, Arcángel
54%
Un Ratito
54%
Caro
53%
EL MUNDO ES MÍO
53%
La Zona
53%
Yo No Soy Celoso
53%
A Tu Merced
52%
BAD CON NICKY ft. Nicky Jam
52%
CÓMO SE SIENTE-Remix ft. Jhayco
52%
Ignorantes ft. Sech
52%
LA DROGA
52%
TRELLAS
52%
HACIENDO QUE ME AMAS
51%
MOJAITA ft. J Balvin
51%
Que Malo ft. Ñengo Flow
51%
Estamos Bien
50%
Solo de Mi
50%
MALDITA POBREZA
49%
SORRY PAPI ft. ABRA
49%
COMO UN BEBÉ ft. J Balvin, Mr Eazi
48%
EN CASITA ft. Gabriela
48%
HOY COBRÉ
48%
Puesto Pa Guerrial ft. Myke Towers
48%
Como Antes
46%
Pero Ya No
46%
ANTES QUE SE ACABE
45%
BYE ME FUI
45%
ODIO ft. J Balvin
45%
PA ROMPERLA ft. Don Omar
45%
BENDICIONES
43%
¿Quien Tu Eres?
43%
TE DESEO LO MEJOR
43%
Cuando Perriabas
42%
Ser Bichote
42%
YO LE LLEGO ft. J Balvin
42%
Tenemos Que Hablar
41%
RONCA FREESTYLE
40%
MÁS DE UNA CITA ft. Zion & Lennox
37%
CUIDAO POR AHÍ ft. J Balvin
35%
SI ELLA SALE
35%
No matching quizzes found
Score Distribution
Percent of People with Each Score
Percentile by Number Answered
Your Score History
You have not taken this quiz